| 000 | 00451nam a2200157 a 4500 | ||
|---|---|---|---|
| 001 | 2657 | ||
| 003 | CDMR | ||
| 005 | 20130502195335.0 | ||
| 008 | 130130s1971||||||||||||||||||||||||||||d | ||
| 040 |
_aCDMR _bcat _cCDMR |
||
| 100 | 1 |
_aAlbiach Ballester, José Ramón _91990 |
|
| 245 | 1 | 4 |
_aLos medios de comunicación social -- _cJosé Ramón Albiach Ballester |
| 260 |
_aBarcelona _c1971 |
||
| 650 | 0 | 4 |
_93082 _aMitjans de comunicació social |
| 942 |
_cTSN _2udc |
||
| 999 |
_c2657 _d2657 |
||